| 000 | 00557nam a22001937a 4500 | ||
|---|---|---|---|
| 003 | OSt | ||
| 005 | 20160215095642.0 | ||
| 008 | 130917t xxu||||| |||| 00| 0 eng d | ||
| 020 | _a000647036 | ||
| 050 |
_aPS 8555.054 _b.M3 1991 |
||
| 082 |
_aFIC _bC76m 1991 |
||
| 100 |
_aConkie, Heather _920356 |
||
| 245 |
_aThe materializing of duncan mctavish _cHeather Conkie |
||
| 260 |
_aCanada : _bHarper Collins Publishers, _cc1991. |
||
| 300 |
_a106 p. : _bill. ; _c19 cm. |
||
| 440 |
_aRoad to Avonlea _n# 4 _920357 |
||
| 942 |
_2lcc _cBK |
||
| 999 |
_c11475 _d11475 |
||